Italian Language Clothing - Statistics

General Stats
  • This quiz has been taken 42 times
    41 since last reset
  • The average score is 15 of 27
Answer Stats
Hint Answer % Correct
blazer blazer
100%
skirt gonna
100%
jeans jeans
100%
pants/trousers pantaloni
100%
pajamas pigiama
100%
gown/devening dress abito da sera
50%
bathrobe accappatoio
50%
underware biancheria intima
50%
nylons/stockings calze/collant
50%
socks calzino
50%
blouse camicetta
50%
shirt camicia
50%
coat cappotto
50%
suit completo
50%
sweater felpa
50%
jacket giacca
50%
vest gilet
50%
raincoat impermeabile
50%
jersey maglia
50%
T-shirt maglietta
50%
shorts pantaloncini
50%
bra reggiseno
50%
slip sottoveste
50%
clothes vestiti
50%
dress vestito
50%
undershirt/tank top canottiera
0%
nightgown/nightie vestaglia
0%
No matching quizzes found
Score Distribution
Percent of People with Each Score
Percentile by Number Answered
Your Score History
You have not taken this quiz since the last reset